| 000 | 00935nac a22002775a 4500 | ||
|---|---|---|---|
| 008 | 130221s2006 njua|||fr|||| 001 0 eng d | ||
| 010 | _a 00026331 | ||
| 020 | _a0131489658 | ||
| 020 | _a9780131489653 | ||
| 040 |
_aEG-ScBUE _beng _cEG-ScBUE |
||
| 082 | 0 | 4 |
_a670.42 _bKAL _222 |
| 100 | 1 |
_aKalpakjian, Serope. _932681 |
|
| 245 | 1 | 0 |
_aManufacturing engineering and technology / _cSerope Kalpakjia; Steven R. Schmid. |
| 250 | _a5th ed. | ||
| 260 |
_aUpper Saddle River, New Jersey : _bPearson Prentice Hall, _cc.2006. |
||
| 300 |
_axxiv, 1295 p. : _bill. ; _c26 cm. |
||
| 500 | _aIndex : p. 1278-1295. | ||
| 504 | _aIncludes bibliographical references. | ||
| 590 | _aMenna Elemam | ||
| 650 | 0 |
_aProduction engineering. _932682 _2BUEsh |
|
| 650 | 0 |
_aManufacturing processes. _932683 _2BUEsh |
|
| 651 | _2BUEsh | ||
| 653 |
_bENGGEN _cAugust2015 |
||
| 700 | 1 |
_aSchmid, R. Steven, _eeditor. |
|
| 942 |
_k670.42 KAL _2ddc _m670.42 KAL |
||
| 999 |
_c30 _d30 |
||